000 00489nam a2200205Ia 4500
008 240509s9999 xx 000 0 und d
020 _a9780596101053
041 _aEng
082 _a005.133
082 _bS13
100 _aSCHWARTZ,RANDAL L.;PHOENIX,TOM;FOY,BRIAN D
245 0 _aLearning Perl
250 _a4th ed.
260 _bSebastopol:OReilly Media Inc
260 _c2005
300 _a283 p.
650 _aPERL : PROGRAMMING LANGUAGES
942 _2ddc
942 _cLBK
999 _c23347
_d23347
945 _a1
_bMadushi Gamage
_c1
_dMadushi Gamage